Modelos de análisis territorial

-д хадгалсан:
Номзүйн дэлгэрэнгүй
Үндсэн зохиолч: Hall, Peter (Зохиогч)
Формат: Ном
Хэл сонгох:испани
Хэвлэсэн: Barcelona Oikos-Tau 1975
Цуврал:Colección de Urbanismo, 4
Нөхцлүүд:
Шошгууд: Шошго нэмэх
Шошго байхгүй, Энэхүү баримтыг шошголох эхний хүн болох!

MARC

LEADER 00000nam a2200000 a 4500
001 UCU7852
003 CL-VaPUC
008 960705e19750000SP |||||||||||||||||spa|d
082 0 4 |a 711.4  |b HAL  |2 21 
100 |a Hall, Peter  |e author  |9 431378 
245 1 0 |a Modelos de análisis territorial 
300 |a 218 p 
942 |c BK 
945 |d 19960705 00:00:00  |a paguirre 
260 |a Barcelona  |b Oikos-Tau  |c 1975 
650 0 |a Planificación urbana   |9 258176 
650 7 |a DESARROLLO URBANO  |2 CL-VaPUC  |9 366956 
650 0 |a Ciudades  |9 265474 
650 0 |a Urbanización   |9 265706 
650 0 |a Vivienda  |9 258662 
583 |a last modification  |c 19960705 00:00:00  |k Rodrigo Vera 
490 0 |a Colección de Urbanismo, 4 
999 |c 250412  |d 250410 
952 |0 0  |1 0  |4 0  |6 711_400000000000000_HAL_1975  |7 0  |8 A  |9 268377  |a BIBING  |b BIBING  |d 2019-11-19  |i 1702017  |o 711.4 HAL 1975  |p 1702017  |r 2025-01-20  |w 2019-11-19  |y BK  |k GEO 
952 |0 0  |1 0  |4 0  |6 711_400000000000000_HAL_1975  |7 0  |8 A  |9 268378  |a BIBING  |b BIBING  |d 2019-11-19  |i 1702041  |o 711.4 HAL 1975  |p 1702041  |r 2025-01-20  |w 2019-11-19  |y BK  |k GEO